00234nam a22000977a 4500003000400000082001600004100001700020245004900037260004200086300000800128SGT a341.48bTRI aTRIPATHI T P aAN INTRODUCTION TO THE STUDY OF HUMAN RIGHTS aFARIDABADbALLAHABAD LAW AGENCYc2008 a568